Normal view
MARC view
- ʻAlvī, K̲h̲ālid.
Entry Personal Name
001 - CONTROL NUMBER
- control field: 14407
003 - CONTROL NUMBER IDENTIFIER
- control field: NUST
005 - DATE AND TIME OF LATEST TRANSACTION
- control field: 20190516100537.0
008 - FIXED-LENGTH DATA ELEMENTS
- fixed length control field: 190516|| aca||aabn | a|a d
040 ## - CATALOGING SOURCE
- Original cataloging agency: NUST
- Transcribing agency: NUST
100 ## - HEADING--PERSONAL NAME
- Personal name: ʻAlvī, K̲h̲ālid.
670 ## - SOURCE DATA FOUND
- Source citation: Work cat.: (NUST)0: ʻAlvī, K̲h̲ālid., Muhammad the prophet of Islam /, 2002.
